Vybrané banky v Československu počas Veľkej hospodárskej krízy 1929-1932
Celkový pohľad na bankovú sústavu v novovzniknutom Československu v prvej polovici dvadsiatych rokov poukazuje na skryté potenciálne rizika. Vznikali nové banky, ktoré rozšírili počet už pôsobiacich bánk a následne pomerne vysoký počet bánk priniesol so sebou aj nízku odbornú a morálnu úroveň funkci...
Saved in:
| Main Author: | |
|---|---|
| Other Authors: | |
| Format: | Book Chapter |
| Language: | Slovak |
| Subjects: | |
| Tags: |
No Tags, Be the first to tag this record!
|
MARC
| LEADER | 00000naa$a2200000$$$4500 | ||
|---|---|---|---|
| 001 | 0289395 | ||
| 005 | 20240502074432.5 | ||
| 041 | 0 | |a slo | |
| 044 | |a SK | ||
| 245 | 1 | 0 | |a Vybrané banky v Československu počas Veľkej hospodárskej krízy 1929-1932 |c Diana Bosáková, Martin Bosák |
| 520 | |a Celkový pohľad na bankovú sústavu v novovzniknutom Československu v prvej polovici dvadsiatych rokov poukazuje na skryté potenciálne rizika. Vznikali nové banky, ktoré rozšírili počet už pôsobiacich bánk a následne pomerne vysoký počet bánk priniesol so sebou aj nízku odbornú a morálnu úroveň funkcionárov a štatutárnych orgánov a manažmentu. Hospodárska kríza v rokoch 1929-1933 ovplyvnila bilancie bánk a tie sa museli vysporiadať s týmito následkami. Predložená analýza sa zamerala na hospodársku výkonnosť vybraných bánk a na jej efektivitu cez jednotlivé ukazovatele bánk. Prezentované výsledky práce poukazujú na neefektívne správanie sa bánk a zlú ekonomickú situáciu niektorých bánk, ktoré musel neskôr zachraňovať štát. | ||
| 610 | 2 | 0 | |a banky |
| 610 | 2 | 0 | |a ukazovatele finančné |
| 610 | 2 | 0 | |a kríza hospodárska |
| 610 | 2 | 0 | |a Československo |
| 100 | 1 | |a Bosáková, Diana | |
| 700 | 1 | |a Bosák, Martin, 1967- | |